| 000 | 00726nam a22002177a 4500 | ||
|---|---|---|---|
| 005 | 20211130100451.0 | ||
| 008 | s2514 th tha d | ||
| 040 | _aNALT | ||
| 041 | _atha | ||
| 090 | _aอศ ช358ส | ||
| 245 | 1 | 0 | _aสวดมนต์แปล |
| 260 | 3 |
_aพระนคร : _bโรงพิมพ์มหามกุฏราชวิทยาลัย, _c2514 |
|
| 300 | _a538 หน้า | ||
| 650 | 0 | 4 | _aการสวดมนต์ |
| 650 | 0 | 4 | _aชัชวลิต เกษมสันต์, ม.จ., 2437 -- 2517 |
| 650 | 0 | 4 | _aพระสูตร |
| 850 | _aNALT | ||
| 856 | 4 | 0 | _uhttps://dl.parliament.go.th/handle/lirt/589035 |
| 942 |
_cCRE _2lcc |
||
| 998 |
_j4612 _k วัลยา พุ่มต้นวงค์ |
||
| 999 |
_c23674 _d23674 |
||